[Event "Maastricht Limburg op-B 9th"]
[White "Reichardt, Robin"]
[Black "Karstens, Lex"]
[Site "Maastricht"]
[Round "2"]
[Result "1-0"]
[Date "2015.05.23"]
[WhiteElo "1707"]
[BlackElo "1852"]
[PlyCount "68"]
[EventDate "2015.05.22"]
[EventType "swiss"]
[EventRounds "7"]
[EventCountry "NED"]
[SourceTitle "EXT 2016"]
[Source "ChessBase"]
[SourceDate "2015.10.08"]
[SourceVersion "1"]
[SourceVersionDate "2015.10.08"]
[SourceQuality "1"]

1. d4 Nf6 2. Nf3 b5 3. Bf4 Bb7 4. e3 a6 5. b3 e6 6. c4 Bb4+ 7. Nbd2 Ne4 8. Qc2 g5 9. Bg3 g4 10. Bh4 Bxd2+ 11. Nxd2 Qxh4 12. Nxe4 g3 13. Nxg3 b4 14. f3 Rg8 15. Qf2 a5 16. Bd3 f5 17. Ne2 Qf6 18. Bc2 Nc6 19. Rd1 Ne7 20. Nf4 0-0-0 21. Nd3 d6 22. c5 Nd5 23. cxd6 cxd6 24. Rc1 Nc3 25. Bb1 Kd7 26. a3 Ba6 27. Nf4 Rc8 28. Kd2 Rc7 29. axb4 axb4 30. Bd3 Bxd3 31. Nxd3 Rgc8 32. Nxb4 Nb1+ 33. Rxb1 Rb8 34. Nd3 Rbc8 1-0

[Event "Geraardsbergen op 28th"]
[White "Karstens, Lex"]
[Black "Verlinden, Robijn"]
[Site "Geraardsbergen"]
[Round "6"]
[Result "0-1"]
[Date "2012.08.13"]
[WhiteElo "1870"]
[BlackElo "2042"]
[PlyCount "94"]
[EventDate "2012.08.11"]
[EventType "swiss"]
[EventRounds "9"]
[EventCountry "BEL"]
[SourceTitle "EXT 2013"]
[Source "ChessBase"]
[SourceDate "2012.11.22"]
[SourceVersion "1"]
[SourceVersionDate "2012.11.22"]
[SourceQuality "1"]

1. d4 Nf6 2. Bg5 c5 3. d5 Ne4 4. Bf4 Qb6 5. Nd2 f5 6. Rb1 g6 7. Be5 Nf6 8. e4 fxe4 9. Nxe4 Bg7 10. Nxf6+ exf6 11. Bc3 d6 12. Nf3 Nd7 13. Qd2 a5 14. a4 0-0 15. Be2 Ne5 16. 0-0 Bd7 17. Nxe5 fxe5 18. b3 Rf7 19. Bc4 Qd8 20. Qe3 Qh4 21. Bd2 b6 22. Qg5 Qxg5 23. Bxg5 Bf5 24. Rbc1 h6 25. Be3 g5 26. Be2 g4 27. Bc4 Kh7 28. Be2 Kg6 29. Bc4 Raf8 30. Be2 h5 31. Bc4 Bh6 32. Bxh6 Kxh6 33. Be2 Kg5 34. c4 Bg6 35. Rc3 Rf4 36. Rcc1 Rd4 37. Rfd1 Rff4 38. Rxd4 Rxd4 39. Kf1 Rd2 40. Ke1 Rb2 41. Bd1 Bd3 42. Rc3 e4 43. h3 g3 44. f3 Rxg2 45. fxe4 Rg1+ 46. Kd2 Rxd1+ 47. Kxd1 g2 0-1

[Event "Maastricht Limburg op-B 6th"]
[White "Lemmen, Raoul"]
[Black "Karstens, Lex"]
[Site "Maastricht"]
[Round "7"]
[Result "1/2-1/2"]
[Date "2012.05.28"]
[WhiteElo "1907"]
[BlackElo "1854"]
[PlyCount "48"]
[EventDate "2012.05.25"]
[EventType "swiss"]
[EventRounds "7"]
[EventCountry "NED"]
[SourceTitle "EXT 2013"]
[Source "ChessBase"]
[SourceDate "2012.11.22"]
[SourceVersion "1"]
[SourceVersionDate "2012.11.22"]
[SourceQuality "1"]

1. d4 Nf6 2. c4 e5 3. dxe5 Ng4 4. Nf3 Bc5 5. e3 Nc6 6. a3 a5 7. b3 0-0 8. Be2 Re8 9. 0-0 Ngxe5 10. Nxe5 Nxe5 11. Nd2 Ra6 12. Ne4 Ba7 13. Ng3 Qh4 14. Nf5 Qf6 15. Nd4 Rd6 16. Qc2 Bxd4 17. exd4 Nc6 18. Bb2 Nxd4 19. Bxd4 Qxd4 20. Rad1 Qf6 21. Bd3 g6 22. c5 Rde6 23. Bc4 R6e7 24. Qd2 b6 1/2-1/2

[Event "Maastricht Limburg op-B 5th"]
[White "Bergmans, Dirk"]
[Black "Karstens, Lex"]
[Site "Maastricht"]
[Round "7"]
[Result "1-0"]
[Date "2011.06.13"]
[WhiteElo "1871"]
[BlackElo "1861"]
[PlyCount "81"]
[EventDate "2011.06.10"]
[EventType "swiss"]
[EventRounds "7"]
[EventCountry "NED"]
[SourceTitle "EXT 2012"]
[Source "ChessBase"]
[SourceDate "2011.11.24"]
[SourceVersion "1"]
[SourceVersionDate "2011.11.24"]
[SourceQuality "1"]

1. c4 g5 2. Nc3 Bg7 3. g3 c5 4. Bg2 d6 5. d3 h6 6. h4 Bxc3+ 7. bxc3 g4 8. Rb1 Nc6 9. e3 Qc7 10. Ne2 h5 11. Nf4 e6 12. 0-0 Nge7 13. Qe2 b6 14. e4 Ba6 15. Re1 e5 16. Nd5 Nxd5 17. exd5 Na5 18. Bg5 Kd7 19. f4 Rae8 20. Qe4 Kc8 21. Bf6 Rh6 22. Qf5+ Qd7 23. Be4 Nb7 24. Qxd7+ Kxd7 25. Bf5+ Kc7 26. fxe5 dxe5 27. Bxe5+ Kd8 28. Bc7+ Kxc7 29. Rxe8 Nd6 30. Re7+ Kd8 31. Rd7+ Ke8 32. Re1+ Kf8 33. Be4 Rf6 34. Rxa7 Bb7 35. Rf1 Rh6 36. Ra3 Ke7 37. Rb3 Nxe4 38. dxe4 Ba6 39. Ra3 Bxc4 40. Ra7+ Ke8 41. Rfxf7 1-0

[Event "Maastricht Limburg op-B 5th"]
[White "Karstens, Lex"]
[Black "Keetman, Maaike"]
[Site "Maastricht"]
[Round "6"]
[Result "0-1"]
[Date "2011.06.13"]
[WhiteElo "1861"]
[BlackElo "1657"]
[PlyCount "132"]
[EventDate "2011.06.10"]
[EventType "swiss"]
[EventRounds "7"]
[EventCountry "NED"]
[SourceTitle "EXT 2012"]
[Source "ChessBase"]
[SourceDate "2011.11.24"]
[SourceVersion "1"]
[SourceVersionDate "2011.11.24"]
[SourceQuality "1"]

1. d4 c6 2. Nf3 d5 3. Bg5 Bg4 4. Nbd2 Nd7 5. e3 Ngf6 6. Bd3 e6 7. c3 Be7 8. Qc2 h6 9. Bh4 Qb6 10. h3 Bxf3 11. Nxf3 0-0-0 12. Bg3 Rdg8 13. b4 Kd8 14. a4 Ke8 15. Nd2 g5 16. Be2 h5 17. a5 Qd8 18. b5 Qc8 19. bxc6 Qxc6 20. Rb1 Kf8 21. Bb5 Qc8 22. Qa4 Kg7 23. Ke2 Rd8 24. Rhc1 Nf8 25. c4 a6 26. Bxa6 bxa6 27. cxd5 Qd7 28. Qc6 Qxd5 29. Qxa6 Ra8 30. Qb7 Ng6 31. a6 Rhd8 32. Rb5 Qa2 33. Rc6 Ba3 34. Ra5 Ne4 35. Rxa3 Nxg3+ 36. fxg3 Qxa3 37. Rxe6 Rdb8 38. Qc7 Rxa6 39. Rxg6+ Rxg6 40. Qxb8 Re6 41. Qb3 Qa6+ 42. Qd3 Qd6 43. e4 f5 44. e5 Qd5 45. Qxf5 Qxg2+ 46. Kd3 Qxg3+ 47. Nf3 Ra6 48. Qxg5+ Qxg5 49. Nxg5 Kg6 50. Ne4 Ra3+ 51. Nc3 Kf5 52. Kc4 Ke6 53. Ne4 Kf5 54. Nd6+ Ke6 55. Ne4 Kf5 56. Kd5 Rxh3 57. Nd6+ Kg6 58. e6 Re3 59. Nc4 Re1 60. Ne5+ Kf6 61. Kd6 Re4 62. Nd7+ Kg7 63. d5 h4 64. Nc5 Re3 65. e7 Kf7 66. Ne6 Rxe6+ 0-1

[Event "Maastricht Limburg op-B 5th"]
[White "Karstens, Lex"]
[Black "Tsiros, Fragkiskos Vlasios"]
[Site "Maastricht"]
[Round "4"]
[Result "1-0"]
[Date "2011.06.12"]
[WhiteElo "1861"]
[BlackElo "1708"]
[PlyCount "25"]
[EventDate "2011.06.10"]
[EventType "swiss"]
[EventRounds "7"]
[EventCountry "NED"]
[SourceTitle "EXT 2012"]
[Source "ChessBase"]
[SourceDate "2011.11.24"]
[SourceVersion "1"]
[SourceVersionDate "2011.11.24"]
[SourceQuality "1"]

1. d4 Nf6 2. Bg5 d5 3. Bxf6 gxf6 4. c4 dxc4 5. e3 Rg8 6. Qh5 Rg5 7. Qxh7 Bf5 8. Qh4 Qd6 9. Nc3 Qb4 10. 0-0-0 Bd3 11. Bxd3 cxd3 12. Nf3 Rxg2 13. Qh3 1-0

[Event "Maastricht Limburg op-B 5th"]
[White "Peter, Laurenz"]
[Black "Karstens, Lex"]
[Site "Maastricht"]
[Round "3"]
[Result "1-0"]
[Date "2011.06.11"]
[WhiteElo "1844"]
[BlackElo "1861"]
[PlyCount "63"]
[EventDate "2011.06.10"]
[EventType "swiss"]
[EventRounds "7"]
[EventCountry "NED"]
[SourceTitle "EXT 2012"]
[Source "ChessBase"]
[SourceDate "2011.11.24"]
[SourceVersion "1"]
[SourceVersionDate "2011.11.24"]
[SourceQuality "1"]

1. d4 Nf6 2. c4 e5 3. dxe5 Ng4 4. Nf3 Bc5 5. e3 Nc6 6. a3 a5 7. Qd5 Qe7 8. b3 Ngxe5 9. Bb2 d6 10. Nc3 Be6 11. Qe4 f5 12. Qc2 Nxf3+ 13. gxf3 f4 14. Qe4 fxe3 15. fxe3 Kd7 16. 0-0-0 Qg5 17. f4 Qf5 18. Rd3 Qf7 19. Rd1 Rae8 20. Na4 b6 21. Bg2 Nd8 22. Nxc5+ bxc5 23. Qa8 Bg4 24. Rde1 Bf5 25. Rhg1 Rhg8 26. Bc3 Ke7 27. Qxa5 Ne6 28. Bb2 Kf8 29. Bc6 Nd8 30. Bxe8 Qxe8 31. Qxc7 Qe4 32. Qxd6+ 1-0

[Event "Maastricht Limburg op-B 5th"]
[White "Cornelius, Jorg"]
[Black "Karstens, Lex"]
[Site "Maastricht"]
[Round "1"]
[Result "1/2-1/2"]
[Date "2011.06.10"]
[WhiteElo "2031"]
[BlackElo "1861"]
[PlyCount "144"]
[EventDate "2011.06.10"]
[EventType "swiss"]
[EventRounds "7"]
[EventCountry "NED"]
[SourceTitle "EXT 2012"]
[Source "ChessBase"]
[SourceDate "2011.11.24"]
[SourceVersion "1"]
[SourceVersionDate "2011.11.24"]
[SourceQuality "1"]

1. e4 c6 2. d4 d5 3. exd5 cxd5 4. Bd3 Nc6 5. c3 Qc7 6. Ne2 Bg4 7. 0-0 e6 8. f3 Bh5 9. Bf4 Bd6 10. Qd2 Nge7 11. Na3 a6 12. Nc2 Bg6 13. Bxd6 Qxd6 14. Ne3 Bxd3 15. Qxd3 0-0 16. Rae1 Rac8 17. f4 Na5 18. Ng3 f5 19. Qe2 g6 20. Nd1 Rf6 21. Nf2 b5 22. Nd3 Nb7 23. Rf3 Nc6 24. Re3 Ncd8 25. Nf1 Rf7 26. Nd2 a5 27. Ne5 Rg7 28. Qxb5 Re7 29. Ndf3 Nc6 30. Ng5 Nbd8 31. Nd3 h6 32. Nf3 Rb8 33. Qa4 Rbb7 34. Qc2 Qb8 35. Nfe5 Nxe5 36. Rxe5 Kf7 37. Qe2 a4 38. Nb4 Qd6 39. Nd3 Nc6 40. Re3 Kf6 41. Nc5 Nd8 42. Nxb7 Rxb7 43. Rf3 Qb6 44. Qe5+ Kf7 45. Rf2 Kg8 46. Qf6 Kh7 47. Rfe2 Rf7 48. Qe5 h5 49. Qe3 Re7 50. Qd2 Nb7 51. Re5 Qd6 52. Qe2 Nd8 53. g3 Kg7 54. Qc2 Qc6 55. Qg2 Kf7 56. Qf3 Qb5 57. Qe2 Qd7 58. b3 axb3 59. axb3 Nc6 60. Re3 Na5 61. Qa2 Qb5 62. b4 Nc4 63. R3e2 Nd6 64. Qa8 Ne4 65. Re3 Re8 66. Qa3 Re7 67. Ra1 Qc4 68. Qa6 Qb3 69. Qa2 Qxa2 70. Rxa2 Rc7 71. Ra3 Nd6 72. Ra5 Nc4 1/2-1/2